000 00773nam a2200289Ia 4500
005 20260324121529.0
008 008 260324s9999 xx 000 0 eng d
020 _a9780203538029
037 _aEBOOK
040 _aCRL
040 _beng
040 _cCRL
041 _2eng
041 _aeng
084 _qCRL
100 _aKanstantsin Dzehtsiarou; Theodore Konstadinides; Tobias Lock; Noreen O'Meara
_91162862
245 0 _aHuman Rights Law in Europe
245 4 _bThe Influence, Overlaps and Contradictions of the EU and the ECHR
260 _bTaylor and Francis
260 _c2014
365 _a
365 _b240
856 _uhttp://www.taylorfrancis.com/books/9780203538029
942 _cEBOOK
999 _c1755042
_d1755042